| Tag |
First Indicator |
Second Indicator |
Subfields |
| LEADER |
00000pam a2200000 a 4500 |
| 001 |
in00000069494 |
| 005 |
20151008053403.0 |
| 008 |
800220s1980 nyuab b 00110 engm |
| 010 |
|
|
|a 80011919
|
| 020 |
|
|
|a 0882060368
|
| 035 |
|
|
|a (OCoLC)06086571
|
| 035 |
|
|
|9 AAH7270AM
|
| 040 |
|
|
|a DLC
|c DLC
|d TXA
|d UtOrBLW
|
| 043 |
|
|
|a a-su---
|
| 049 |
|
|
|a TXAM
|c [1421917]
|
| 050 |
0 |
0 |
|a DS223
|b .S235
|
| 082 |
0 |
|
|a 953
|
| 100 |
1 |
|
|a Salibi, Kamal S.
|q (Kamal Suleiman),
|d 1929-2011.
|
| 245 |
1 |
2 |
|a A history of Arabia /
|c Kamal Salibi.
|
| 264 |
|
1 |
|a Delmar, N.Y. :
|b Caravan Books,
|c 1980.
|
| 300 |
|
|
|a ix, 247 pages :
|b illustrations, maps ;
|c 22 cm.
|
| 336 |
|
|
|a text
|b txt
|2 rdacontent
|
| 337 |
|
|
|a unmediated
|b n
|2 rdamedia
|
| 338 |
|
|
|a volume
|b nc
|2 rdacarrier
|
| 500 |
|
|
|a Maps on lining papers.
|
| 500 |
|
|
|a Includes index.
|
| 504 |
|
|
|a Bibliography: pages [225]-228.
|
| 651 |
|
0 |
|a Arabian Peninsula
|x History.
|
| 999 |
|
|
|a MARS
|
| 999 |
f |
f |
|s 622dcb73-8267-3736-a680-02aca0f0a8a6
|i b9194b9d-b5d0-3b51-9bfc-ef8714a05d50
|t 0
|
| 952 |
f |
f |
|p normal
|a Texas A&M University
|b College Station
|c Sterling C. Evans Library
|d Evans: Library Stacks
|t 0
|e DS223 .S235
|h Library of Congress classification
|i unmediated -- volume
|m A14806100978
|
| 998 |
f |
f |
|a DS223 .S235
|t 0
|l Evans: Library Stacks
|